Guyton and Hall textbook of medical physiology / (Record no. 23057)
[ view plain ]
| 000 -LEADER | |
|---|---|
| fixed length control field | 00853nam a22002535a 4500 |
| 005 - DATE AND TIME OF LATEST TRANSACTION | |
| control field | 20201128023958.0 |
| 008 - FIXED-LENGTH DATA ELEMENTS--GENERAL INFORMATION | |
| fixed length control field | 161107t2016 paua frb 001 0 eng d |
| 020 ## - INTERNATIONAL STANDARD BOOK NUMBER | |
| International Standard Book Number | 9781455770168 |
| 040 ## - CATALOGING SOURCE | |
| Original cataloging agency | EG-ScBUE |
| Language of cataloging | eng |
| Transcribing agency | EG-ScBUE |
| Modifying agency | EG-ScBUE |
| 082 04 - DEWEY DECIMAL CLASSIFICATION NUMBER | |
| Edition number | 22 |
| Classification number | 612 |
| Item number | HAL |
| 100 1# - MAIN ENTRY--PERSONAL NAME | |
| 9 (RLIN) | 30154 |
| Personal name | Hall, John E. |
| Fuller form of name | (John Edward), |
| Dates associated with a name | 1946- |
| 245 10 - TITLE STATEMENT | |
| Title | Guyton and Hall textbook of medical physiology / |
| Statement of responsibility, etc | John E. Hall. |
| 250 ## - EDITION STATEMENT | |
| Edition statement | 13th ed., International ed. |
| 260 ## - PUBLICATION, DISTRIBUTION, ETC. (IMPRINT) | |
| Place of publication, distribution, etc | Philadelphia : |
| Name of publisher, distributor, etc | Elsevier, |
| Date of publication, distribution, etc | c.2016. |
| 300 ## - PHYSICAL DESCRIPTION | |
| Extent | xix, 1145 p. : |
| Other physical details | ill. ; |
| Dimensions | 28 cm. |
| 500 ## - GENERAL NOTE | |
| General note | Index : p 1097-1145. |
| 504 ## - BIBLIOGRAPHY, ETC. NOTE | |
| Bibliography, etc | Includes bibliographical references. |
| 650 #7 - SUBJECT ADDED ENTRY--TOPICAL TERM | |
| Source of heading or term | BUEsh |
| 9 (RLIN) | 2250 |
| Topical term or geographic name as entry element | Human physiology. |
| 650 #7 - SUBJECT ADDED ENTRY--TOPICAL TERM | |
| 9 (RLIN) | 2182 |
| Topical term or geographic name as entry element | Physiology, Pathological. |
| Source of heading or term | BUEsh |
| 650 #7 - SUBJECT ADDED ENTRY--TOPICAL TERM | |
| 9 (RLIN) | 14034 |
| Topical term or geographic name as entry element | Physiological Phenomena. |
| Source of heading or term | BUEsh |
| 651 ## - SUBJECT ADDED ENTRY--GEOGRAPHIC NAME | |
| Source of heading or term | BUEsh |
| 653 ## - INDEX TERM--UNCONTROLLED | |
| Resource For college | Pharmacy |
| Arrived date list | November2016 |
| 942 ## - ADDED ENTRY ELEMENTS (KOHA) | |
| Source of classification or shelving scheme | Dewey Decimal Classification |
| Withdrawn status | Item status | Source of classification or shelving scheme | Damaged status | Not for loan | Vendor | Home library | Current library | Shelving location | Date acquired | Source of acquisition | Cost, normal purchase price | Total Checkouts | Full call number | Barcode | Date last seen | Koha item type | Total Renewals | Date last borrowed | Checked out |
|---|---|---|---|---|---|---|---|---|---|---|---|---|---|---|---|---|---|---|---|
| Dewey Decimal Classification | Baccah | Central Library | Central Library | First floor | 07/11/2016 | Purchase | 680.00 | 612 HAL | 000034701 | 15/07/2025 | NB - Book (Non borrowing) | ||||||||
| Dewey Decimal Classification | Baccah | Central Library | Central Library | First floor | 07/11/2016 | Purchase | 2 | 612 HAL | 000034702 | 15/07/2025 | Book - Borrowing | 17 | 16/10/2018 | ||||||
| Dewey Decimal Classification | Baccah | Central Library | Central Library | First floor | 07/11/2016 | Purchase | 1 | 612 HAL | 000034703 | 15/07/2025 | Book - Borrowing | 2 | 17/10/2019 | ||||||
| Dewey Decimal Classification | Baccah | Central Library | Central Library | First floor | 07/11/2016 | Purchase | 3 | 612 HAL | 000034704 | 15/07/2025 | Book - Borrowing | 4 | 18/03/2019 | ||||||
| Dewey Decimal Classification | Baccah | Central Library | Central Library | First floor | 07/11/2016 | Purchase | 2 | 612 HAL | 000034705 | 15/07/2025 | Book - Borrowing | 08/10/2017 | |||||||
| Dewey Decimal Classification | Baccah | Central Library | Central Library | First floor | 07/11/2016 | Purchase | 2 | 612 HAL | 000034706 | 15/07/2025 | Book - Borrowing | 34 | 24/10/2020 | ||||||
| Dewey Decimal Classification | Baccah | Central Library | Central Library | First floor | 07/11/2016 | Purchase | 5 | 612 HAL | 000034707 | 15/07/2025 | Book - Borrowing | 15 | 18/03/2019 | ||||||
| Dewey Decimal Classification | Baccah | Central Library | Central Library | First floor | 07/11/2016 | Purchase | 2 | 612 HAL | 000034708 | 25/02/2019 | Book - Borrowing | 1 | 25/02/2019 | 05/03/2019 |